000 00590ntaaa2200205 4500
003 01
005 20251027201721.0
008 0714s1973 ag 01
020 _a282540845X
040 _aAR-BaBN
_bspa
_cAR-BaBN
_eaacr
_dRIC
082 _a234.1600 C47ch
245 _aChurches respond to BEM
250 _a1 ed.
260 _aGeneva :
_bWorld Council of Churches,
_c1986
300 _a3 vol ;
_c13,5 cm
500 _aRespuesta de más de 100 iglesias sobre el documento más ampliamente discutido en WCCVol. I
650 _aTeologia-sacramento
700 _aThurian, Max
942 _cBK
999 _c11845
_d11845